[Event "OEsterreichische Damenbundesliga 2014/2015"]
[Site "Hartkirchen, St. Veit, Mayrhofen"]
[Date "2015.02.28"]
[Round "5"]
[Board "1"]
[White "Trippold, Denise"]
[Black "Landl, Margot"]
[Result "1/2-1/2"]
[WhiteElo "2043"]
[BlackElo "1804"]
[PlyCount "82"]
[EventDate "2014.10.03"]
[EventType "team"]
[EventRounds "9"]
[EventCountry "AUT"]
[WhiteTeam "SK Advisory Invest Baden"]
[BlackTeam "SC Pinggau Friedberg"]

1. d4 Nf6 2. c4 e6 3. Nf3 b6 4. g3 Ba6 5. b3 Bb4+ 6. Bd2 Be7 7. Bg2 c6 8. Bc3
d5 9. Ne5 Nfd7 10. Nxd7 Nxd7 11. Nd2 O-O 12. O-O b5 13. Qc2 Rc8 14. Rfd1 f5 15.
Bb2 Nb6 16. c5 Nd7 17. b4 Nf6 18. Re1 Ne4 19. f3 Nxd2 20. Qxd2 f4 21. e4 Bg5
22. Qd3 Rc7 23. Bh3 Bc8 24. a4 bxa4 25. Rxa4 fxg3 26. hxg3 Rcf7 27. f4 Bxf4 28.
gxf4 Rxf4 29. Rf1 Qg5+ 30. Kh1 Rxf1+ 31. Bxf1 Qh4+ 32. Kg1 Qf2+ 33. Kh1 Qxb2
34. Rxa7 dxe4 35. Qe2 Qxd4 36. Bg2 Qxb4 37. Qg4 Qc3 38. Rc7 Qc1+ 39. Kh2 Qh6+
40. Kg1 Qc1+ 41. Kh2 Qh6+ 1/2-1/2

[Event "OEsterreichische Damenbundesliga 2014/2015"]
[Site "Hartkirchen, St. Veit, Mayrhofen"]
[Date "2015.02.28"]
[Round "5"]
[Board "1"]
[White "Tarmastin, Laura"]
[Black "Zechner, Andrea"]
[Result "1/2-1/2"]
[WhiteElo "1832"]
[BlackElo "1896"]
[PlyCount "169"]
[EventDate "2014.10.03"]
[EventType "team"]
[EventRounds "9"]
[EventCountry "AUT"]
[WhiteTeam "SV Autohof St. Veit/Glan"]
[BlackTeam "SV Extraherb WS"]

1. e4 c6 2. d4 d5 3. Nc3 dxe4 4. Nxe4 Bf5 5. Ng3 Bg6 6. h4 h6 7. Nf3 Nd7 8. h5
Bh7 9. Bd3 Bxd3 10. Qxd3 Qc7 11. Bd2 e6 12. O-O-O Ngf6 13. c4 O-O-O 14. Bc3 Bd6
15. Ne4 Nxe4 16. Qxe4 Nf6 17. Qe2 Rhe8 18. Kb1 c5 19. Rc1 Qc6 20. Ne5 Bxe5 21.
Qxe5 Qe4+ 22. Qxe4 Nxe4 23. dxc5 Nxf2 24. Rhf1 Nd3 25. Rc2 f6 26. b4 e5 27. g3
Rd7 28. Re2 e4 29. Kc2 Kc7 30. Rf5 Re6 31. Rf1 Rde7 32. a3 Ra6 33. Kb3 Rae6 34.
Re3 Rf7 35. Rf5 Rd7 36. Kc2 Kd8 37. Re2 Ke7 38. Rd5 Ke8 39. Bd4 Kd8 40. Kd2 Kc7
41. b5 Rf7 42. Bc3 Ree7 43. Rf5 Re6 44. a4 Rd7 45. Kc2 Ree7 46. Re3 Rd8 47. c6
Rde8 48. Ba5+ b6 49. Bc3 Re6 50. Rd5 R8e7 51. a5 Nc5 52. Bb4 Re5 53. Re1 e3 54.
Re2 Rxd5 55. cxd5 Kd6 56. a6 Kxd5 57. Kc3 Re8 58. Re1 e2 59. Kd2 Kc4 60. Bxc5
Kxc5 61. Rxe2 Rd8+ 62. Kc3 Kxb5 63. Re7 Kxa6 64. Rxg7 Rc8 65. c7 Kb7 66. Rg6
Rxc7+ 67. Kb3 a5 68. Rxh6 Rf7 69. Rg6 f5 70. h6 Ka6 71. Ka4 f4 72. Rg8 f3 73.
Rg7 Rf8 74. h7 f2 75. Rf7 Rh8 76. g4 Rxh7 77. Rxf2 b5+ 78. Kb3 Rh3+ 79. Kb2 a4
80. Rg2 Rh6 81. g5 Rg6 82. Ka3 Ka5 83. Rg4 b4+ 84. Rxb4 Rxg5 85. Rxa4+ 1/2-1/2

[Event "OEsterreichische Damenbundesliga 2014/2015"]
[Site "Hartkirchen, St. Veit, Mayrhofen"]
[Date "2015.02.28"]
[Round "5"]
[Board "2"]
[White "Mattersberger, Melanie"]
[Black "Krassnitzer, Maria"]
[Result "0-1"]
[WhiteElo "1677"]
[BlackElo "1560"]
[PlyCount "60"]
[EventDate "2014.10.03"]
[EventType "team"]
[EventRounds "9"]
[EventCountry "AUT"]
[WhiteTeam "SV Extraherb WS"]
[BlackTeam "SV Autohof St. Veit/Glan"]

1. e4 d5 2. exd5 Qxd5 3. Nc3 Qa5 4. Nf3 Nf6 5. Bc4 Bf5 6. d3 e6 7. O-O Nbd7 8.
Bd2 c6 9. Re1 Qc7 10. Nd4 Bg4 11. Qc1 O-O-O 12. h3 Bh5 13. Bxe6 Bc5 14. Bxd7+
Qxd7 15. Nb3 Bb6 16. Be3 Rhe8 17. Bxb6 axb6 18. Qg5 h6 19. Qg3 g5 20. Nd2 g4
21. Rxe8 Rxe8 22. Nde4 Re6 23. Nxf6 Rxf6 24. Ne4 Rg6 25. h4 f5 26. Qe5 fxe4 27.
Qxh5 Rd6 28. dxe4 Rd1+ 29. Rxd1 Qxd1+ 30. Kh2 g3+ 0-1

[Event "OEsterreichische Damenbundesliga 2014/2015"]
[Site "Hartkirchen, St. Veit, Mayrhofen"]
[Date "2015.02.28"]
[Round "5"]
[Board "1"]
[White "Stockhammer, Lotte"]
[Black "Horvath, Reka"]
[Result "0-1"]
[WhiteElo "1264"]
[BlackElo "2012"]
[PlyCount "98"]
[EventDate "2014.10.03"]
[EventType "team"]
[EventRounds "9"]
[EventCountry "AUT"]
[WhiteTeam "JSV Muehlviertel"]
[BlackTeam "SpG Feldbach-Kirchberg"]

1. d4 Nf6 2. c4 g6 3. Nf3 Bg7 4. g3 c6 5. Bg2 O-O 6. O-O d5 7. cxd5 cxd5 8. Nc3
Ne4 9. Bf4 Nc6 10. Be3 Nxc3 11. bxc3 Na5 12. Nd2 Bf5 13. Qc1 Qd7 14. Qa3 Nc6
15. f3 Qe6 16. Kf2 Bh3 17. Rg1 Rad8 18. Nb3 b6 19. Qc1 Rc8 20. Qd2 Bxg2 21.
Kxg2 Rfe8 22. Rge1 Qd7 23. Bf2 e5 24. e4 Red8 25. Rad1 f5 26. dxe5 Nxe5 27.
exd5 Qb7 28. f4 Nf7 29. Re3 Nd6 30. Rd3 Ne4 31. Qe3 Rxc3 32. Rxc3 Bxc3 33. Qd3
Bg7 34. Kf1 Nc3 35. Rc1 Qxd5 36. Qxd5+ Rxd5 37. Rc2 Rd7 38. Kg2 Kf7 39. Be1 Nd5
40. Kf3 Rc7 41. Rd2 Bc3 42. Rxd5 Bxe1 43. Ke2 Bb4 44. Kd3 Ke6 45. Re5+ Kf6 46.
Re2 a5 47. Nd4 Rc3+ 48. Kd2 Rxg3+ 49. Kd1 Rd3+ 0-1

[Event "OEsterreichische Damenbundesliga 2014/2015"]
[Site "Hartkirchen, St. Veit, Mayrhofen"]
[Date "2015.02.28"]
[Round "5"]
[Board "2"]
[White "Wilfling, Sandra"]
[Black "Riegler, Katharina"]
[Result "1-0"]
[WhiteElo "1852"]
[BlackElo "1282"]
[PlyCount "37"]
[EventDate "2014.10.03"]
[EventType "team"]
[EventRounds "9"]
[EventCountry "AUT"]
[WhiteTeam "SpG Feldbach-Kirchberg"]
[BlackTeam "JSV Muehlviertel"]

1. d4 c5 2. e3 cxd4 3. exd4 d5 4. Nf3 Nf6 5. c3 g6 6. Bd3 Bg7 7. O-O O-O 8. Re1
Bg4 9. h3 Bxf3 10. Qxf3 Nc6 11. Bf4 a6 12. a4 Qb6 13. Qe2 Rfe8 14. Qc2 Rac8 15.
Nd2 Nb4 16. Qb3 a5 17. cxb4 axb4 18. Bb5 Qxd4 19. Be3 1-0

[Event "OEsterreichische Damenbundesliga 2014/2015"]
[Site "Hartkirchen, St. Veit, Mayrhofen"]
[Date "2015.03.01"]
[Round "6"]
[Board "1"]
[White "Novkovic, Julia"]
[Black "Hapala, Elisabeth"]
[Result "1-0"]
[WhiteElo "2156"]
[BlackElo "2074"]
[PlyCount "151"]
[EventDate "2014.10.03"]
[EventType "team"]
[EventRounds "9"]
[EventCountry "AUT"]
[WhiteTeam "SK Dornbirn"]
[BlackTeam "ASVOE Pamhagen"]

1. e4 c5 2. Nc3 e6 3. g3 d5 4. Bg2 dxe4 5. Nxe4 Nc6 6. d3 Be7 7. Ne2 Nf6 8. O-O
O-O 9. Be3 Nxe4 10. dxe4 Qc7 11. c3 Ne5 12. Qc2 Bd7 13. h3 Bc6 14. f4 Nd7 15.
c4 b6 16. Nc3 Qb7 17. Rad1 a6 18. a4 Rad8 19. b3 Nb8 20. Rf2 Rxd1+ 21. Qxd1 Rd8
22. Rd2 Rxd2 23. Qxd2 Qd7 24. Kf2 Kf8 25. Qc2 Kg8 26. Bf1 Bb7 27. Qd3 Qxd3 28.
Bxd3 Nc6 29. Ne2 Na5 30. Bc2 Kf8 31. Bd2 Nc6 32. Bc3 f6 33. e5 f5 34. Ke3 Kf7
35. g4 g6 36. Ng3 Bh4 37. Ne2 Be7 38. gxf5 exf5 39. Be1 a5 40. Nc3 Nd4 41. Bd1
Ke6 42. Nb1 Bg2 43. h4 Be4 44. Na3 h6 45. Bg3 g5 46. hxg5 hxg5 47. Nb5 gxf4+
48. Bxf4 Nxb5 49. axb5 Bf8 50. Bg5 Bg7 51. Bd8 Bh6+ 52. Kf2 Kxe5 53. Bxb6 Kd4
54. Bxa5 Be3+ 55. Kf1 f4 56. Be1 f3 57. Bf2 Bd3+ 58. Ke1 Ke4 59. b6 Bf4 60.
Bxc5 Bg3+ 61. Bf2 Bf4 62. b7 Bc7 63. Kd2 Ba5+ 64. Kc1 Bc7 65. Kb2 Be5+ 66. Ka3
Be2 67. Bc2+ Kf4 68. Ba7 Kg4 69. Be4 Kf4 70. Bd5 Kf5 71. Ka4 Bd6 72. Kb5 Bb8
73. Bxb8 f2 74. Bg2 Bf3 75. Bh3+ Ke4 76. Bg3 1-0

[Event "OEsterreichische Damenbundesliga 2014/2015"]
[Site "Hartkirchen, St. Veit, Mayrhofen"]
[Date "2015.03.01"]
[Round "6"]
[Board "2"]
[White "Horvath, Maria"]
[Black "Froewis, Annika"]
[Result "0-1"]
[WhiteElo "2033"]
[BlackElo "1991"]
[PlyCount "88"]
[EventDate "2014.10.03"]
[EventType "team"]
[EventRounds "9"]
[EventCountry "AUT"]
[WhiteTeam "ASVOE Pamhagen"]
[BlackTeam "SK Dornbirn"]

1. d4 d5 2. c4 e6 3. Nc3 Nf6 4. cxd5 exd5 5. Bg5 Be7 6. Qc2 c6 7. e3 Nbd7 8.
Bd3 O-O 9. Nge2 Re8 10. O-O Nf8 11. f3 g6 12. Kh1 Ne6 13. Bh4 Ng7 14. Bf2 Be6
15. e4 a6 16. e5 Nd7 17. Ng3 c5 18. Qd2 c4 19. Bc2 b5 20. f4 f5 21. exf6 Nxf6
22. f5 gxf5 23. Be3 Qd7 24. Rf3 Ne4 25. Qe2 Rf8 26. Bf4 Bf6 27. Qe3 Rae8 28.
Nce2 Bf7 29. Qa3 Nxg3+ 30. Nxg3 Bxd4 31. Bd6 Bxb2 32. Qxb2 Qxd6 33. Nxf5 Nxf5
34. Bxf5 Bg6 35. Bxg6 hxg6 36. Rxf8+ Rxf8 37. Rd1 d4 38. h3 d3 39. Qc3 Rf2 40.
Re1 Rxa2 41. Re8+ Kf7 42. Rh8 Qc6 43. Rh7+ Ke6 44. Qe1+ Re2 0-1

[Event "OEsterreichische Damenbundesliga 2014/2015"]
[Site "Hartkirchen, St. Veit, Mayrhofen"]
[Date "2015.03.01"]
[Round "6"]
[Board "1"]
[White "Anker, Christin"]
[Black "Kopinits, Anna-Christina"]
[Result "0-1"]
[WhiteElo "1852"]
[BlackElo "2225"]
[PlyCount "128"]
[EventDate "2014.10.03"]
[EventType "team"]
[EventRounds "9"]
[EventCountry "AUT"]
[WhiteTeam "Schach ohne Grenzen"]
[BlackTeam "ASVOE Wulkaprodersdorf"]

1. e4 c6 2. d4 d5 3. Nc3 dxe4 4. Nxe4 Nf6 5. Nxf6+ exf6 6. Nf3 Bd6 7. Bd3 O-O
8. O-O Bg4 9. c3 Re8 10. h3 Bh5 11. Be3 Nd7 12. Re1 Nf8 13. Be2 f5 14. Bg5 Qd7
15. Ne5 Bxe2 16. Rxe2 Qe6 17. Re1 Ng6 18. Nxg6 Qxg6 19. Qd2 Re4 20. f3 Re6 21.
Rxe6 Qxe6 22. Re1 Qxa2 23. Re2 Bg3 24. Bf4 Qb1+ 25. Qc1 Qxc1+ 26. Bxc1 Kf8 27.
b3 Bd6 28. Kf2 a5 29. Ra2 Ke7 30. Ba3 b5 31. Bxd6+ Kxd6 32. Ke3 g5 33. g3 h5
34. h4 Re8+ 35. Kd3 gxh4 36. gxh4 f4 37. Rxa5 Re3+ 38. Kd2 Rxf3 39. Ra7 f6 40.
Rf7 Ke6 41. Rc7 Kd5 42. Rd7+ Ke4 43. Re7+ Kf5 44. Rc7 Rf2+ 45. Ke1 Rb2 46. b4
Ke4 47. Rxc6 f5 48. Re6+ Kd3 49. d5 Rb1+ 50. Kf2 Kxc3 51. Kf3 Rxb4 52. Rb6 Kc4
53. d6 Kc5 54. d7 Rd4 55. Rb7 Kc6 56. Rb8 Rxd7 57. Kxf4 Rg7 58. Kxf5 Rg4 59.
Rc8+ Kd5 60. Rb8 Kc4 61. Rc8+ Kb3 62. Rh8 Rxh4 63. Kg5 Rh3 64. Rb8 b4 0-1

[Event "OEsterreichische Damenbundesliga 2014/2015"]
[Site "Hartkirchen, St. Veit, Mayrhofen"]
[Date "2015.03.01"]
[Round "6"]
[Board "2"]
[White "Exler, Veronika"]
[Black "Polterauer, Chiara"]
[Result "1-0"]
[WhiteElo "2213"]
[BlackElo "1850"]
[PlyCount "47"]
[EventDate "2014.10.03"]
[EventType "team"]
[EventRounds "9"]
[EventCountry "AUT"]
[WhiteTeam "ASVOE Wulkaprodersdorf"]
[BlackTeam "Schach ohne Grenzen"]

1. d4 d5 2. Nf3 Nf6 3. c4 e6 4. g3 dxc4 5. Bg2 Nc6 6. Qa4 Bb4+ 7. Bd2 Nd5 8.
Bxb4 Ndxb4 9. O-O Rb8 10. Nc3 a6 11. Ne5 Bd7 12. Nxc6 bxc6 13. a3 c5 14. Qd1
cxd4 15. Qxd4 Nc2 16. Qxg7 Rf8 17. Rad1 Qe7 18. Rd2 Nxa3 19. bxa3 f6 20. Qg4
Qc5 21. Rfd1 Bc8 22. Qg7 Rf7 23. Rd8+ Ke7 24. Qh8 1-0

[Event "OEsterreichische Damenbundesliga 2014/2015"]
[Site "Hartkirchen, St. Veit, Mayrhofen"]
[Date "2015.03.01"]
[Round "6"]
[Board "1"]
[White "Truszkiewicz, Eliza"]
[Black "Wu, Min"]
[Result "1/2-1/2"]
[WhiteElo "1929"]
[BlackElo "1929"]
[PlyCount "86"]
[EventDate "2014.10.03"]
[EventType "team"]
[EventRounds "9"]
[EventCountry "AUT"]
[WhiteTeam "SV Schachamazonen"]
[BlackTeam "Mayrhofen/SK Zell/Zillertal"]

1. e4 e5 2. Nf3 Nc6 3. Bc4 Bc5 4. c3 Nf6 5. d3 O-O 6. O-O d6 7. h3 Ne7 8. a4 a5
9. Na3 Ng6 10. Nc2 Be6 11. Bxe6 fxe6 12. Be3 Qe8 13. Bxc5 dxc5 14. Ne3 Rd8 15.
Qc2 b6 16. Nc4 Nd7 17. Qd1 Qe7 18. g3 Qf6 19. Nh2 Qe7 20. Qe2 Nb8 21. Rad1 Nc6
22. Qh5 Kh8 23. Ng4 Rf3 24. Ngxe5 Ngxe5 25. Nxe5 Nxe5 26. d4 cxd4 27. cxd4 Rb3
28. Qxe5 Qd6 29. Qxd6 cxd6 30. d5 e5 31. Rc1 Rxb2 32. Rc4 h5 33. f4 exf4 34.
Rxf4 Rb4 35. Rc6 Rxa4 36. Rxb6 Ra2 37. Ra6 Rb8 38. Rf2 Ra1+ 39. Rf1 Ra4 40. Re1
Ra2 41. g4 Rbb2 42. gxh5 Rg2+ 43. Kh1 Rh2+ 1/2-1/2

[Event "OEsterreichische Damenbundesliga 2014/2015"]
[Site "Hartkirchen, St. Veit, Mayrhofen"]
[Date "2015.03.01"]
[Round "6"]
[Board "2"]
[White "Mayrhuber, Nikola"]
[Black "Hiebler, Laura"]
[Result "0-1"]
[WhiteElo "1804"]
[BlackElo "1921"]
[PlyCount "54"]
[EventDate "2014.10.03"]
[EventType "team"]
[EventRounds "9"]
[EventCountry "AUT"]
[WhiteTeam "Mayrhofen/SK Zell/Zillertal"]
[BlackTeam "SV Schachamazonen"]

1. d4 Nf6 2. Nf3 e6 3. c4 b6 4. g3 Ba6 5. Nbd2 Bb4 6. Qc2 O-O 7. Bg2 c6 8. O-O
d5 9. b3 Nbd7 10. Bb2 Rc8 11. Rac1 c5 12. Qd3 cxd4 13. Qxd4 e5 14. Nxe5 Nxe5
15. Qxe5 Bxd2 16. Rcd1 Bb4 17. Bxd5 Qe7 18. e4 Qxe5 19. Bxe5 b5 20. Rc1 bxc4
21. Bxf6 gxf6 22. bxc4 Rc5 23. Rc2 Rfc8 24. Rb1 Ba5 25. Rbc1 Bb6 26. Kf1 f5 27.
e5 Rxd5 0-1

[Event "OEsterreichische Damenbundesliga 2014/2015"]
[Site "Hartkirchen, St. Veit, Mayrhofen"]
[Date "2015.03.01"]
[Round "6"]
[Board "1"]
[White "Horvath, Reka"]
[Black "Tarmastin, Laura"]
[Result "1-0"]
[WhiteElo "2012"]
[BlackElo "1832"]
[PlyCount "29"]
[EventDate "2014.10.03"]
[EventType "team"]
[EventRounds "9"]
[EventCountry "AUT"]
[WhiteTeam "SpG Feldbach-Kirchberg"]
[BlackTeam "SV Autohof St. Veit/Glan"]

1. e4 e5 2. Nf3 Nc6 3. Bb5 a6 4. Ba4 Nge7 5. c3 g6 6. d4 b5 7. Bb3 exd4 8. cxd4
Bg7 9. Nc3 O-O 10. Bg5 Qe8 11. O-O Bb7 12. Re1 d6 13. Nd5 Qd8 14. Rc1 Rc8 15.
Rxc6 1-0

[Event "OEsterreichische Damenbundesliga 2014/2015"]
[Site "Hartkirchen, St. Veit, Mayrhofen"]
[Date "2015.03.01"]
[Round "6"]
[Board "2"]
[White "Stangl, Helga"]
[Black "Wilfling, Sandra"]
[Result "1/2-1/2"]
[WhiteElo "1594"]
[BlackElo "1852"]
[PlyCount "61"]
[EventDate "2014.10.03"]
[EventType "team"]
[EventRounds "9"]
[EventCountry "AUT"]
[WhiteTeam "SV Autohof St. Veit/Glan"]
[BlackTeam "SpG Feldbach-Kirchberg"]

1. Nf3 d5 2. b3 c5 3. Bb2 Nc6 4. e3 Nf6 5. Bb5 Bd7 6. Bxc6 Bxc6 7. d3 b6 8.
Nbd2 e6 9. Ne5 Bb7 10. Ndf3 h6 11. O-O Be7 12. Rc1 O-O 13. c4 Rc8 14. cxd5 exd5
15. d4 Ne4 16. dxc5 bxc5 17. Nd2 Nd6 18. Qg4 f5 19. Qh5 Bf6 20. f4 Qe8 21. Qh3
Ba6 22. Rf3 Be2 23. Rf2 Bg4 24. Qg3 Qh5 25. h3 Bh4 26. hxg4 Bxg3 27. gxh5 Bxf2+
28. Kxf2 Rfd8 29. Ba3 Nb7 30. Ke2 Rd6 31. Kf3 1/2-1/2

[Event "OEsterreichische Damenbundesliga 2014/2015"]
[Site "Hartkirchen, St. Veit, Mayrhofen"]
[Date "2015.03.01"]
[Round "6"]
[Board "1"]
[White "Saler-Grafenberger, Elisabeth"]
[Black "Trippold, Denise"]
[Result "1/2-1/2"]
[WhiteElo "1936"]
[BlackElo "2043"]
[PlyCount "81"]
[EventDate "2014.10.03"]
[EventType "team"]
[EventRounds "9"]
[EventCountry "AUT"]
[WhiteTeam "SpG Steyr 2"]
[BlackTeam "SK Advisory Invest Baden"]

1. c4 b6 2. Nf3 Nf6 3. g3 c5 4. Bg2 Bb7 5. O-O g6 6. e3 Bg7 7. d4 cxd4 8. exd4
O-O 9. Nc3 Ne4 10. Ne2 Qc8 11. b3 Nc6 12. Ba3 d6 13. d5 Nb8 14. Rc1 Nd7 15.
Nfd4 Nef6 16. Bh3 a6 17. f4 Qc7 18. f5 Ne5 19. Nf4 Rad8 20. fxg6 hxg6 21. Qe2
Bc8 22. Bxc8 Rxc8 23. h3 Qa7 24. Kg2 Rfe8 25. Nd3 Nfd7 26. Nb4 Nb8 27. Nf3 Nbd7
28. Nxe5 Nxe5 29. Bb2 Qb7 30. Bxe5 Bxe5 31. Qf3 Rf8 32. Nc6 Bf6 33. Rce1 Rc7
34. h4 Bg7 35. h5 gxh5 36. Qxh5 Rxc6 37. dxc6 Qxc6+ 38. Qd5 Qd7 39. Qg5 Qb7+
40. Qd5 Qd7 41. Qg5 1/2-1/2

[Event "OEsterreichische Damenbundesliga 2014/2015"]
[Site "Hartkirchen, St. Veit, Mayrhofen"]
[Date "2015.03.01"]
[Round "6"]
[Board "2"]
[White "Berger, Lisa"]
[Black "Hackbarth, Christa"]
[Result "1/2-1/2"]
[WhiteElo "1565"]
[BlackElo "1880"]
[PlyCount "117"]
[EventDate "2014.10.03"]
[EventType "team"]
[EventRounds "9"]
[EventCountry "AUT"]
[WhiteTeam "SK Advisory Invest Baden"]
[BlackTeam "SpG Steyr 2"]

1. d4 d5 2. c4 e6 3. Nc3 Nf6 4. e3 Be7 5. Nf3 c6 6. a3 b6 7. b4 c5 8. bxc5 bxc5
9. dxc5 Bxc5 10. cxd5 Nxd5 11. Nxd5 Qxd5 12. Qxd5 exd5 13. Bb5+ Bd7 14. Bxd7+
Nxd7 15. Bb2 O-O 16. O-O Rab8 17. Rfb1 Rb7 18. Nd2 Rfb8 19. Bc1 Ne5 20. Rxb7
Rxb7 21. Rb1 Rc7 22. Kf1 Kf8 23. Ke2 Bb6 24. Bb2 Nd7 25. Rc1 Nc5 26. h3 f6 27.
g3 Ke7 28. g4 Rb7 29. Rb1 Na4 30. Bd4 Kd7 31. Rb3 Kc6 32. Bxb6 Nxb6 33. Kd3 Re7
34. Nf3 Na4 35. Nd4+ Kc7 36. Rb5 Nb6 37. Nf5 Rd7 38. Nd4 Nc4 39. a4 a6 40. Rc5+
Kb7 41. Ne6 Nb2+ 42. Kd4 Nxa4 43. Rxd5 Re7 44. Rd6 Nb6 45. Kc5 Nd7+ 46. Kb4 Nb8
47. Nc5+ Ka7 48. Re6 Rc7 49. f4 Nc6+ 50. Kc4 Kb6 51. e4 Ka7 52. e5 fxe5 53.
fxe5 a5 54. Re8 Kb6 55. Na4+ Ka6 56. Nc5+ Kb6 57. Na4+ Ka6 58. Nc5+ Kb6 59.
Na4+ 1/2-1/2

[Event "OEsterreichische Damenbundesliga 2014/2015"]
[Site "Hartkirchen, St. Veit, Mayrhofen"]
[Date "2015.03.01"]
[Round "6"]
[Board "2"]
[White "Riegler, Katharina"]
[Black "Steiner, Magdalena"]
[Result "0-1"]
[WhiteElo "1282"]
[BlackElo "1653"]
[PlyCount "46"]
[EventDate "2014.10.03"]
[EventType "team"]
[EventRounds "9"]
[EventCountry "AUT"]
[WhiteTeam "JSV Muehlviertel"]
[BlackTeam "SC Pinggau Friedberg"]

1. c4 Nf6 2. Nc3 g6 3. g3 Bg7 4. Bg2 d6 5. Nf3 O-O 6. d4 Nbd7 7. O-O c5 8. dxc5
Nxc5 9. b4 Nfe4 10. bxc5 Nxc3 11. Qc2 Nxe2+ 12. Qxe2 Bxa1 13. Bg5 Bf6 14. Bxf6
exf6 15. cxd6 Qxd6 16. Rd1 Qa6 17. Nd4 Rb8 18. Re1 Bd7 19. Qe7 Rfe8 20. Qb4
Rxe1+ 21. Qxe1 Qxc4 22. Qd2 Re8 23. Bxb7 Bh3 0-1

[Event "OEsterreichische Damenbundesliga 2014/2015"]
[Site "Hartkirchen, St. Veit, Mayrhofen"]
[Date "2015.03.01"]
[Round "6"]
[Board "1"]
[White "Zechner, Andrea"]
[Black "Molnar, Monika"]
[Result "1-0"]
[WhiteElo "1896"]
[BlackElo "1914"]
[PlyCount "51"]
[EventDate "2014.10.03"]
[EventType "team"]
[EventRounds "9"]
[EventCountry "AUT"]
[WhiteTeam "SV Extraherb WS"]
[BlackTeam "Spg Steyr 1"]

1. d4 d5 2. Nf3 Nf6 3. c4 e6 4. e3 Bb4+ 5. Bd2 Bxd2+ 6. Nbxd2 O-O 7. Bd3 Nbd7
8. O-O b6 9. e4 dxe4 10. Nxe4 Bb7 11. Nc3 c5 12. d5 exd5 13. cxd5 Ng4 14. Re1
Ndf6 15. h3 Nh6 16. g4 Qd7 17. Ne5 Qc8 18. g5 Nxd5 19. Nxd5 Bxd5 20. gxh6 Qxh3
21. Bxh7+ Kxh7 22. Qxd5 Rad8 23. Qg2 Qxh6 24. Re3 Kg8 25. Rh3 Qd6 26. Qh2 1-0

[Event "OEsterreichische Damenbundesliga 2014/2015"]
[Site "Hartkirchen, St. Veit, Mayrhofen"]
[Date "2015.03.01"]
[Round "6"]
[Board "2"]
[White "Nagy, Laura"]
[Black "Tschida, Verena"]
[Result "1/2-1/2"]
[WhiteElo "1880"]
[BlackElo "1684"]
[PlyCount "145"]
[EventDate "2014.10.03"]
[EventType "team"]
[EventRounds "9"]
[EventCountry "AUT"]
[WhiteTeam "Spg Steyr 1"]
[BlackTeam "SV Extraherb WS"]

1. e4 e5 2. Nf3 Nc6 3. d4 exd4 4. Nxd4 Nge7 5. Bc4 Nxd4 6. Qxd4 Nc6 7. Qe3 Bb4+
8. c3 Ba5 9. Qg3 Qf6 10. O-O d6 11. f4 Bb6+ 12. Be3 Bxe3+ 13. Qxe3 O-O 14. Nd2
Be6 15. Bd3 a6 16. Rf3 Rae8 17. Rg3 Qh6 18. Qf2 f5 19. Rh3 Qg6 20. Qh4 fxe4 21.
Bxe4 Bf5 22. Bd5+ Be6 23. Rg3 Qf7 24. Rh3 Qg6 25. Bxe6+ Rxe6 26. Rf1 Re2 27.
Rg3 Qe6 28. Nf3 Qe3+ 29. Kh1 Qxf4 30. Rg4 Qe3 31. Rb1 Qd3 32. Re1 Rxb2 33. Qg5
Qxc3 34. Rc1 Qf6 35. Qd5+ Qf7 36. Qd3 Qf5 37. Re4 d5 38. Re3 Qxd3 39. Rxd3 Rxa2
40. Rxd5 Re8 41. Rd7 Rc8 42. h3 Re2 43. Rb1 b5 44. Rc1 Re7 45. Rd3 Nb4 46. Rd4
c5 47. Rxb4 c4 48. Rc3 Rd8 49. Rb2 Rd5 50. Ra2 Ra7 51. Ra5 Kf7 52. Kg1 Ke6 53.
Kf2 Kd6 54. Ke3 Kc5 55. Rca3 Kb6 56. Nd2 Re7+ 57. Ne4 Ra7 58. Nc3 Rd3+ 59. Ke4
b4 60. Nd5+ Rxd5 61. Kxd5 bxa3 62. Rxa3 Rc7 63. Ra4 Rc5+ 64. Kd4 Kb5 65. Ra3 g6
66. Re3 Rc7 67. Kc3 Rd7 68. Re5+ Kb6 69. Kxc4 Rc7+ 70. Kb3 Rd7 71. Re6+ Kb5 72.
Re5+ Kb6 73. Re6+ 1/2-1/2

[Event "OEsterreichische Damenbundesliga 2014/2015"]
[Site "Hartkirchen, St. Veit, Mayrhofen"]
[Date "2015.03.19"]
[Round "7"]
[Board "1"]
[White "Kopinits, Anna-Christina"]
[Black "Novkovic, Julia"]
[Result "1/2-1/2"]
[WhiteElo "2225"]
[BlackElo "2156"]
[PlyCount "68"]
[EventDate "2014.10.03"]
[EventType "team"]
[EventRounds "9"]
[EventCountry "AUT"]
[WhiteTeam "ASVOE Wulkaprodersdorf"]
[BlackTeam "SK Dornbirn"]

1. d4 c5 2. c3 e6 3. e4 d5 4. exd5 Qxd5 5. Nf3 Nf6 6. Be3 cxd4 7. cxd4 Nc6 8.
Nc3 Qd6 9. a3 Be7 10. Bc4 O-O 11. O-O a6 12. Qd3 b5 13. Ba2 Bb7 14. Rad1 b4 15.
Ne4 Nxe4 16. Qxe4 bxa3 17. bxa3 Na5 18. d5 Qxa3 19. Ra1 exd5 20. Bxd5 Qb4 21.
Nd4 Bxd5 22. Qxd5 Nc4 23. Nc6 Nxe3 24. Qd7 Qg4 25. Nxe7+ Kh8 26. Qxg4 Nxg4 27.
Ra4 h5 28. h3 Nf6 29. Rfa1 Rfe8 30. Nc6 Re6 31. Nb4 g6 32. Nxa6 Re7 33. Nc5
Rxa4 34. Rxa4 Kg7 1/2-1/2

[Event "OEsterreichische Damenbundesliga 2014/2015"]
[Site "Hartkirchen, St. Veit, Mayrhofen"]
[Date "2015.03.19"]
[Round "7"]
[Board "2"]
[White "Mira, Helene"]
[Black "Exler, Veronika"]
[Result "1-0"]
[WhiteElo "2049"]
[BlackElo "2213"]
[PlyCount "87"]
[EventDate "2014.10.03"]
[EventType "team"]
[EventRounds "9"]
[EventCountry "AUT"]
[WhiteTeam "SK Dornbirn"]
[BlackTeam "ASVOE Wulkaprodersdorf"]

1. Nf3 d5 2. d4 Nf6 3. c4 e6 4. Nc3 b6 5. cxd5 exd5 6. Bg5 Bb7 7. e3 Nbd7 8.
Bb5 a6 9. Bxf6 Qxf6 10. Bxd7+ Kxd7 11. Ne5+ Kd8 12. Qh5 Ke8 13. O-O Bd6 14. f4
Rd8 15. Rae1 Bb4 16. f5 h6 17. h4 Be7 18. g3 Rf8 19. e4 dxe4 20. Nxe4 Bxe4 21.
Rxe4 Rxd4 22. Qe2 Bc5 23. Kh2 Kd8 24. Qxa6 Rxe4 25. Qa8+ Ke7 26. Qxe4 Kd8 27.
Qa8+ Ke7 28. Qxf8+ Kxf8 29. Nd7+ Ke7 30. Nxf6 Kxf6 31. g4 Bd6+ 32. Kg2 Ke5 33.
Kf3 h5 34. a4 hxg4+ 35. Kxg4 Kd4 36. Rc1 Kd3 37. b4 Kd2 38. Rc6 Bxb4 39. Rxc7
Bc3 40. Rxf7 Kd3 41. Rc7 Bf6 42. h5 Ke4 43. Rc6 Bd8 44. Rg6 1-0

[Event "OEsterreichische Damenbundesliga 2014/2015"]
[Site "Hartkirchen, St. Veit, Mayrhofen"]
[Date "2015.03.19"]
[Round "7"]
[Board "2"]
[White "Schmidbauer, Andrea"]
[Black "Steiner, Magdalena"]
[Result "0-1"]
[WhiteElo "1886"]
[BlackElo "1653"]
[PlyCount "64"]
[EventDate "2014.10.03"]
[EventType "team"]
[EventRounds "9"]
[EventCountry "AUT"]
[WhiteTeam "SV Schachamazonen"]
[BlackTeam "SC Pinggau Friedberg"]

1. g3 e5 2. Bg2 Nc6 3. d3 Bc5 4. Nf3 d6 5. O-O Nf6 6. Nbd2 O-O 7. c3 a5 8. b3
Bd7 9. Bb2 Qc8 10. d4 Bb6 11. e4 Re8 12. Qc2 Bh3 13. Rfe1 Qg4 14. Bxh3 Qxh3 15.
Nc4 Ba7 16. d5 Ne7 17. Nxa5 Ng4 18. Rf1 Bxf2+ 19. Rxf2 Nxf2 20. Qxf2 Rxa5 21.
b4 Raa8 22. c4 Qg4 23. Qe3 f5 24. exf5 Nxf5 25. Qc3 Rf8 26. Rf1 Rxa2 27. c5 h5
28. Qb3 Raa8 29. Bxe5 dxe5 30. d6+ Kh8 31. d7 Nd4 32. Qd5 Nxf3+ 0-1